| 000 | 00593nam a22001937a 4500 | ||
|---|---|---|---|
| 005 | 20251108170901.0 | ||
| 008 | 250721s1982 xx 000 0 ara d | ||
| 082 | 1 | 4 | _aط/621.389/دوب |
| 100 | 1 | _aدوبس، جورج | |
| 245 | 1 | 0 | _aكيف تصنع راديو ترانزستور / |
| 264 | 1 |
_aبيروت : _bمكتبة لبنان، _c1982. |
|
| 300 | _a50ص | ||
| 490 | 0 | _aسلسلة الهوايات | |
| 650 | 1 | 7 | _aالراديو |
| 653 | _aناشئون صغار (10-14) سنة | ||
| 700 | 1 |
_aالخطيب، أحمد و زياد _eترجمة |
|
| 942 |
_2ddc _cBK |
||
| 999 |
_c51275 _d51275 |
||